Razón y pasión de Sor Juana /

Juana Inés de la Cruz (1651-1695), poetisa y religiosa mexicana. Nació en San Miguel de Nepantla, Estado de México. Monja desde los dieciséis años, inicialmente en el convento de Santa Teresa la Antigua y posteriormente en el de San Jerónimo. En este último vio cristalizar gran parte de su obra, en...

詳細記述

保存先:
書誌詳細
第一著者: Arroyo de Hernández, Anita (autor)
その他の著者: Monterde, Francisco (prólogo) (prólogo)
フォーマット: 図書
言語:スペイン語
出版事項: México : Porrúa y Obregón, 1952, c1952
主題:
タグ: タグ追加
タグなし, このレコードへの初めてのタグを付けませんか!

MARC

LEADER 00000nam^a2200000^a^4500
001 000156760
005 20250521000000.0
009 20260310100514.996
037 |a Acervo ITESO - Biblioteca 
041 |a ESP 
082 |a 860. 97203  |b ARR 
100 |a Arroyo de Hernández, Anita  |e (autor) 
245 1 0 |a Razón y pasión de Sor Juana /  |c A. Arroyo de Hernández ; pról. de F. Monterde. 
264 4 |a México :  |b Porrúa y Obregón,  |c 1952, c1952 
300 |a 439 p. 
336 |a texto  |b txt  |2 rdacontenido 
337 |a sin mediación  |b n  |2 rdamedio 
338 |a volumen  |b nc  |2 rdasoporte 
520 |a Juana Inés de la Cruz (1651-1695), poetisa y religiosa mexicana. Nació en San Miguel de Nepantla, Estado de México. Monja desde los dieciséis años, inicialmente en el convento de Santa Teresa la Antigua y posteriormente en el de San Jerónimo. En este último vio cristalizar gran parte de su obra, en su mayoría, poética. Dominó los conocimientos de la cultura de su época. Junto con Juan Ruiz de Alarcón, es gloria del México virreinal y representante de la literatura hispanoamericana del siglo XVII. Sor Juana se defendió y abogó por los derechos culturales de la mujer. Obra en poesía: Primero sueño; Autos sacramentales: El cetro de José; El mártir del sacramento y El divino Narciso; comedias: Los empeños de una casa y Amor es más laberinto; en prosa: Carta de Sor Filotea de la Cruz; Carta athenagórica; Los ejercicios de la encarnación; Ofrecimientos del rosario; Respuesta a Sor Filotea; El caracol: un compendio de armonía musical, entre otras. La académica cubana Anita Arroyo de Hernández presenta un amplio estudio sobre la escritora y religiosa mexicana, dispuesto en dos apartados, referidos respectivamente a la vida y la obra de sor Juana. 
649 |a XX 
650 |a Escritores Mexicanos -  |x Biografías 
650 |a Monjas Mexicanas -  |x Biografías 
650 |a Religiosos Mexicanos -  |x Biografías 
650 |a Mujeres Mexicanas -  |x Biografías 
650 |a Ensayos Cubanos 
650 |a Literatura Mexicana -  |x Historia y Crítica 
650 |a Literatura Mexicana -  |y Siglo XVII 
650 |a Literatura Mexicana -  |y Epoca Colonial, 1517-1821 
650 |a Literatura Barroca -  |x Historia y Crítica 
650 |a Literatura Barroca -  |z México 
650 |a Literatura de Mujeres -  |x Historia y Crítica 
650 |a Literatura de Mujeres -  |z México 
650 |a Literatura Religiosa -  |x Historia y Crítica 
650 |a Literatura Religiosa -  |z México 
650 |a Religión y Literatura -  |x Historia y Crítica 
650 |a Religión y Literatura -  |z México 
650 |a Literatura Cubana -  |y Siglo XX 
650 |a Literatura de Mujeres -  |z Cuba 
650 |a México -  |x Historia -  |y Siglo XVII 
650 |a México -  |x Historia -  |y Virreinato, 1535-1821 
650 |a México -  |x Historia -  |y Epoca Colonial, 1517-1821 
600 |a Cruz, Juana Inés de la,  |c Sor 
700 |a Monterde, Francisco  |e (prólogo) 
910 |a Fondo Salvador Reynoso Reynoso 
920 |a Impresos - Libros 
930 |a Fondos Especiales 
940 |a Literatura 
905 |a 112 
901 |a 0800016227  |b IT2  |c ESP  |u 20250521 
902 |a https://opac.biblio.iteso.mx/vufind/Record/000156760